| 000 | 00570nam a22002177a 4500 | ||
|---|---|---|---|
| 005 | 20170124105951.0 | ||
| 010 | _a767412 | ||
| 020 | _c00.00 | ||
| 035 | _a767412 | ||
| 037 | _bCen Lib/Ret | ||
| 040 |
_aDPL _bEN |
||
| 082 |
_a280.48 _bLEW |
||
| 100 |
_aLewin, C. S. _913477 |
||
| 245 |
_aLetters to malcolm : _cby C. S. Lewis _bchiefly on prayer / |
||
| 260 |
_aLondon _bGeoffrey Bles _c1964 |
||
| 270 | _bLondon | ||
| 300 |
_a158p. _c19cm(Hb) |
||
| 650 |
_aReligion _985822 |
||
| 650 |
_aChristianity _93734 |
||
| 942 |
_2ddc _cEN _h280.48 _mLEW |
||
| 999 |
_c125244 _d125244 |
||